Le Valli dell Natisone e dell'isonzo tra Centroeuropa e Adriatico: atti del Convegno Internazionale di Studi
Na minha lista:
| Principais autores: | , , |
|---|---|
| Formato: | Livro |
| Idioma: | Língua italiana |
| Publicado em: |
Roma
Edizioni Quasar
2007
|
| Edição: | 1a. ed |
| coleção: | Studi e Ricerche Sulla Gallia Cisalpina, 20
|
| Assuntos: | |
| Tags: |
Adicionar Tag
Sem tags, seja o primeiro a adicionar uma tag!
|
MARC
| LEADER | 00000cam a2200000 a 4500 | ||
|---|---|---|---|
| 001 | UCD9384 | ||
| 003 | CL-VaPUC | ||
| 005 | 20250224092021.0 | ||
| 008 | 170616e20070400it 1 ita d | ||
| 020 | |a 9788871403304 | ||
| 082 | 0 | 4 | |a 943 |b CHI |2 21 |
| 100 | 1 | |a Chiabà, Monica |e author |9 622256 | |
| 700 | 1 | |a Maggi, Paola |e author |9 622257 | |
| 700 | 1 | |a Magrini, Chiara |e author |9 622258 | |
| 245 | 1 | 3 | |a Le Valli dell Natisone e dell'isonzo tra Centroeuropa e Adriatico: atti del Convegno Internazionale di Studi |
| 250 | |a 1a. ed | ||
| 260 | |a Roma |b Edizioni Quasar |c 2007 | ||
| 300 | |a 294 p | ||
| 490 | 0 | |a Studi e Ricerche Sulla Gallia Cisalpina, 20 | |
| 500 | |a Incluye mapa | ||
| 583 | |a last modification |c 20190909 10:02:16 |k Rodrigo Vera | ||
| 650 | 0 | 0 | |a Historiografía |9 257871 |
| 650 | 0 | 0 | |a Valles |9 357423 |
| 651 | 7 | |a EUROPA CENTRAL |2 CL-VaPUC |9 313371 | |
| 942 | |c BK | ||
| 945 | |a arojas |d 20170616 21:05:00 | ||
| 546 | |a En Italiano | ||
| 518 | |p Convegno Internazionale di Studi, 1, San Pietro, 15-16 settembre 2006 | ||
| 999 | |c 384894 |d 384892 | ||
| 952 | |0 0 |1 0 |3 erb |4 0 |6 943_000000000000000_CHI_2007 |7 0 |8 A |9 507897 |a FDOLAF |b FDOLAF |e Laffi, Umberto |i 5397103 |o 943 CHI 2007 |p 5397103 |r 2024-01-30 |w 2020-01-23 |y BK |z Catalogado en:20170616 |k LAF | ||